Relámpagos literarios / (Registro nro. 44731)
[ vista simple ]
| 000 -CABECERA | |
|---|---|
| campo de control de longitud fija | 01112nam a2200205 a 4500 |
| 001 - NÚMERO DE CONTROL | |
| campo de control | 000045242 |
| 005 - FECHA Y HORA DE LA ÚLTIMA TRANSACCIÓN | |
| campo de control | 20240412074304.0 |
| 008 - DATOS DE LONGITUD FIJA--INFORMACIÓN GENERAL | |
| campo de control de longitud fija | 150216s1975 dr 000 p spa d |
| 040 ## - FUENTE DE LA CATALOGACIÓN | |
| Centro catalogador/agencia de origen | DO-SdBNP |
| Lengua de catalogación | spa |
| Centro/agencia transcriptor | BNPHU |
| 082 ## - NÚMERO DE LA CLASIFICACIÓN DECIMAL DEWEY | |
| Número de clasificación | RD861.44 |
| Número de documento/Ítem | A644r |
| 100 1# - ENTRADA PRINCIPAL--NOMBRE DE PERSONA | |
| Nombre de persona | Aponte Vicioso, Guillermo |
| 9 (RLIN) | 73267 |
| 245 10 - MENCIÓN DE TÍTULO | |
| Título | Relámpagos literarios / |
| Mención de responsabilidad, etc. | Guillermo Aponte Vicioso. |
| 260 ## - PUBLICACIÓN, DISTRIBUCIÓN, ETC. | |
| Lugar de publicación, distribución, etc. | Santo Domingo : |
| Nombre del editor, distribuidor, etc. | [s. n.], |
| Fecha de publicación, distribución, etc. | 1975. |
| 300 ## - DESCRIPCIÓN FÍSICA | |
| Extensión | 79 p. ; |
| Dimensiones | 21 cm. |
| 505 0# - NOTA DE CONTENIDO CON FORMATO | |
| Nota de contenido con formato | VERSOS |
| Título | Sueño de amor -- |
| -- | Amor y vejez -- |
| -- | Rechazo -- |
| -- | Fantasia de amor -- |
| -- | La alegre moribunda -- |
| -- | Ofrenda -- |
| -- | Extraño amor -- |
| -- | Tortura -- |
| -- | Evocación -- |
| -- | De ti y de mi -- |
| -- | Cuento de amor -- |
| -- | Otro hijo tu y yo -- |
| -- | Pregonando tu amor -- |
| -- | Tu rosa y la mariposa -- |
| -- | Juego de palabras -- |
| -- | CUENTOS |
| -- | El conejo de parís -- |
| -- | El milagro divino -- |
| -- | La loca -- |
| -- | Ramona la billetera -- |
| -- | Sally -- |
| -- | Fabula de las flores -- |
| -- | El gerente -- |
| -- | Luzman el mago -- |
| -- | Los sobrinos del cardenal -- |
| -- | El cuento de Donato -- |
| 590 ## - NOTA LOCAL (RLIN) | |
| Nota local | Inventariado, 2018/ VM |
| 650 #0 - PUNTO DE ACCESO ADICIONAL DE MATERIA--TÉRMINO DE MATERIA | |
| Término de materia o nombre geográfico como elemento de entrada | Poesía dominicana |
| 9 (RLIN) | 66 |
| 650 #0 - PUNTO DE ACCESO ADICIONAL DE MATERIA--TÉRMINO DE MATERIA | |
| Término de materia o nombre geográfico como elemento de entrada | Literatura dominicana. |
| 9 (RLIN) | 67 |
| 910 ## - DATOS DE OPCIÓN DEL USUARIO (OCLC) | |
| Datos de opción del usuario | Validado. Control de caliad MFF |
| Estado de retiro | Estado de pérdida | No para préstamo | Código de colección | Localización permanente | Ubicación/localización actual | Ubicación en estantería | Fecha de adquisición | Número de inventario | Total de préstamos | Signatura topográfica completa | Código de barras | Fecha visto por última vez | Precio válido a partir de | Tipo de ítem Koha | Nota pública |
|---|---|---|---|---|---|---|---|---|---|---|---|---|---|---|---|
| Excluido de préstamo | Patrimonio Dominicano | Patrimonio Dominicano | Patrimonio Dominicano | Depósito | 16.02.2015 | LF1 | RD861.44 A644r | 45242-10 | 25.06.2020 | 25.06.2020 | Libro y Folleto Colección Patrimonio Dominicano | Perteneció a la biblioteca personal de Sonia Ginebra. |
